000 00635nam a22002057a 4500
001 000008626
005 20200929161356.0
008 820924|1981 ||| 000 0 spa
010 _a82211769
020 _a844991602X
040 _aDO-SdBNP
_cDLC
_dDLC
082 _aPR863.44
_bP171v
100 1 _aPalma, Marigloria
_917854
245 1 0 _aViento salado :
_bnovela /
_cMarigloria Palma.
260 _aSan Juan de Puerto Rico :
_bInstituto de Cultura Puertorriquena,
_c1981.
300 _a475 p. ; 23 cm.
650 4 _aNovela puertorriqueña
_91185
650 4 _aLiteratura puertorriqueña
_9250
910 _aCatalogación por copia / LC
999 _c8396
_d8396